LEADER 01107nam0-22003731i-450- 001 990003016190403321 010 $a2-86600-490-6 035 $a000301619 035 $aFED01000301619 035 $a(Aleph)000301619FED01 035 $a000301619 100 $a20000920d1991----km-y0itay50------ba 101 0 $aita 102 $aIT 200 1 $a<>avenir de l'espace méditerranéen$fSous la direction de Christian Reynaud et Abdelkader Ahmed. 210 $aParis$cCrédit Mutuel Méditerranéen$cEditions Publisud$d1991. 215 $a895 p.$d24 cm 225 1 $a<>développement dans le faits 610 0 $aMediterraneo e Africa settentrionale 610 0 $aMediterraneo e Europa meridionale 676 $aF/1.11 676 $aF/1.41 676 $aF/3.111 676 $aO/1.340 702 1$aAhmed,$bAbdelkader 702 1$aReynaud,$bChristian 801 0$aIT$bUNINA$gRICA$2UNIMARC 901 $aBK 912 $a990003016190403321 952 $aF/3.111 REY$b12232$fSES 959 $aSES 996 $aAvenir de l'espace méditerranéen$9467729 997 $aUNINA DB $aING01 LEADER 01152nam2-2200385---450 001 990005710560203316 005 20190403125010.0 035 $a000571056 035 $aUSA01000571056 035 $a(ALEPH)000571056USA01 035 $a000571056 100 $a20070417d1955----|||y0itaa50------ba 101 $aita 102 $ait 105 $a0 00||| 200 1 $a<> Lettere$fFrancesco Pucci 210 $aFirenze$cOlschki$d1955 215 $a190 p.$d23 cm. 225 2 $aOpuscoli filosofici$etesti e documenti inediti o rari pubblicati da Luigi Firpo e da Eugenio Garin$v11 410 0$12001$aOpuscoli filosofici$v11 461 0$1001000571055$12001$aLettere, documenti e testimonianze$v1 620 $dFIRENZE 676 $a262.8 700 1$aPUCCI,$bFrancesco$0615498 801 0$aIT$bSA$c20111219 912 $a990005710560203316 950 0$aDipar.to di Filosofia - Salerno$dDFAA 262.8 PUC$e8368 FIL 951 $aAA 262.8 PUC$b8368 FIL 959 $aBK 969 $aFIL 979 $c20121027$lUSA01$h1526 979 $c20121027$lUSA01$h1615 996 $aLettere$91083703 997 $aUNISA NUM $aSA0019942